| 000 | 01149nam a22002297a 4500 | ||
|---|---|---|---|
| 999 |
_c2588 _d2588 |
||
| 003 | AR-CdUCM | ||
| 008 | 190305b ||||| |||| 00| 0 spa d | ||
| 040 |
_aMUNICIPALIDAD PROVINCIAL DEL CUSCO _cBIBLIOTECA MUNICIPAL DEL CUSCO |
||
| 082 |
_a985.61/C74R _bC74R |
||
| 100 |
_aContreras y Valverde, Vasco de _948187 |
||
| 245 |
_aRelación de la ciudad del Cusco : _b1649 - 1982 / _cVasco de Contreras y Valverde |
||
| 260 |
_aCusco : _bImprenta Amauta , _c1983. |
||
| 300 |
_a194 páginas. : _bilustraciones ; _c21 cm. |
||
| 505 | _aContenido: Descripción de la Ciudad del Cuzco -- Hierbas Medicinales -- Piedras Medicinales y Pájaros -- Ríos, Fuentes, Salinas de esta ciudad -- Primera fundación de la ciudad del Cusco -- Capitulo en que se da razón de haber hallado cruces. Los primeros españoles en la cuidad del Cusco. -- Primeros Prebendados de esta San Iglesia. | ||
| 650 |
_aCiudad del Cusco _99144 |
||
| 650 |
_aHistoria del Cusco _91714 |
||
| 650 |
_aCusco Colonial _91874 |
||
| 650 |
_aÉpoca virreinal _948188 |
||
| 700 |
_aMartín Rubio, María del Carmen _eProloguista _eTranscripción _946154 |
||
| 942 |
_2ddc _cLIBROS |
||
| 945 | _artm | ||